|
|
|
|
| LEADER |
00681nab a2200181 i 4500 |
| 001 |
acta6224 |
| 005 |
20210525130746.0 |
| 008 |
161015s1936 hu o 0|| hun d |
| 022 |
|
|
|a 0324-5616
|
| 040 |
|
|
|a SZTE Egyetemi Kiadványok Repozitórium
|b hun
|
| 041 |
|
|
|a hun
|
| 100 |
1 |
|
|a Buza László
|
| 245 |
1 |
0 |
|a Diktatura [diktatúra] és kisebbségvédelem
|h [elektronikus dokumentum] /
|c Buza László
|
| 260 |
|
|
|c 1936
|
| 300 |
|
|
|a 11-23
|
| 490 |
0 |
|
|a Acta Litterarum ac Scientiarum Regiae Universitatis Hungaricae Francisco-Josephinae : sectio juridico-politica
|v 10 No. 2
|
| 695 |
|
|
|a Jogtudomány
|
| 856 |
4 |
0 |
|u http://acta.bibl.u-szeged.hu/6224/1/juridpol_010_011-023.pdf
|z Dokumentum-elérés
|